A "művészi alkotás forrásai".
Elmentve itt :
| Szerző: | |
|---|---|
| Adatforrás: | Philobibl |
| Forrásdokumentuma: | Pásztortűz 1922. évf., 673-676.p. p. |
| Dokumentumtípus: | Cikk |
| Nyelv: | magyar |
| LEADER | 00295nab a2200097 c 4500 | ||
|---|---|---|---|
| 001 | bibDOK00025100 | ||
| 005 | 20200924121936.3 | ||
| 008 | 060518s1922 hu hun | ||
| 100 | 1 | |a Reményik Sándor | |
| 245 | 1 | 3 | |a A "művészi alkotás forrásai". |c Reményik Sándor |
| 773 | 0 | |t Pásztortűz |g 1922. évf., 673-676.p. p. | |